00509pab a2200157 454500008004000000100001900040245008200059260000900141300000900150362000900159650003300168773001800201909001000219999001700229952010500246180718b1983 xxu||||| |||| 00| 0 eng d aChandler, B.J. aImplementation of the Australian freedom of information Act - a personal view c1983 a7-12 aDec. aOfficial Secrets - Australia aPublic Sector a14359 c14359d14359 00104070aIIPAbIIPAd2018-07-19hVolume no: 6, Issue no: 3/4pAR14402r2018-07-19w2018-07-19yAR